| 000 | 00742nam a2200241 a 4500 | ||
|---|---|---|---|
| 001 | 000024876 | ||
| 005 | 20200930023426.0 | ||
| 008 | 110207s1986 mx r 000 0 spa d | ||
| 040 |
_aDO-SdBNP _bspa _cBNPHU |
||
| 041 | 1 | 7 |
_aspa _heng _2Código de idiomas MARC |
| 082 |
_ann* _bnn* |
||
| 100 | 1 |
_aPound, Ezra. _951054 |
|
| 240 | 1 | 4 |
_aThe art of poetry. _lEspañol |
| 245 | 1 | 3 |
_aEl arte de la poesía / _cEzra Pound ; traducción de José Vásquez Amaral. |
| 250 | _a2a ed. | ||
| 260 |
_aMéxico, D. F. : _bPlaneta, _c1986. |
||
| 300 |
_a131 p. ; _c19 cm. |
||
| 490 | 1 | _aDel salvador | |
| 534 |
_aTítulo original : _tThe art of poetry |
||
| 700 | 1 |
_aVásquez Amaral, José. _etr. _951055 |
|
| 830 | 0 |
_aDel salvador _951056 |
|
| 049 | _aBNGR | ||
| 999 |
_c24369 _d24369 |
||